Statistics for Pangolin Species

Click here to take the quiz!

General Stats

  • This quiz has been taken 16 times
  • The average score is 5 of 8

Answer Stats

OrderFamilySubfamilyGenusSpeciesCommon name% Correct
JavanicaSunda pangolin
83%
PentadactylaChinese pangolin
75%
SmutsiinaeSmutsiaGiganteaGiant pangolin
75%
TemminckiiGround pangolin
67%
PholidotaManidaeManinaeManisCrassicaudataIndian pangolin
67%
TricuspisTree pangolin
58%
CulionensisPhilippine pangolin
33%
PhatagininaePhataginusTetradactylaLong-tailed pangolin
17%

Score Distribution

Percentile by Number Answered

Percent of People with Each Score

Your Score History

You have not taken this quiz